Goliath : the life of Robert Schuller / (Record no. 74060)
[ view plain ]
| 000 -LEADER | |
|---|---|
| fixed length control field | 01051nam a22001937a 4500 |
| 003 - CONTROL NUMBER IDENTIFIER | |
| control field | PILC |
| 005 - DATE AND TIME OF LATEST TRANSACTION | |
| control field | 20250807115746.0 |
| 008 - FIXED-LENGTH DATA ELEMENTS--GENERAL INFORMATION | |
| fixed length control field | 231122b |||||||| |||| 00| 0 eng d |
| 010 ## - LIBRARY OF CONGRESS CONTROL NUMBER | |
| LC control number | Acc#47943 |
| 020 ## - INTERNATIONAL STANDARD BOOK NUMBER | |
| International Standard Book Number | 1-879989-06-9 |
| 040 ## - CATALOGING SOURCE | |
| Transcribing agency | Philippine Baptist Theological Seminary |
| 050 ## - LIBRARY OF CONGRESS CALL NUMBER | |
| Classification number | BX 9543.S36 |
| Item number | Sch81 1992 |
| 100 ## - MAIN ENTRY--PERSONAL NAME | |
| Personal name | Penner, James |
| Relator term | Author. |
| 245 ## - TITLE STATEMENT | |
| Title | Goliath : the life of Robert Schuller / |
| Statement of responsibility, etc. | by James Penner. |
| 264 ## - PRODUCTION, PUBLICATION, DISTRIBUTION, MANUFACTURE, AND COPYRIGHT NOTICE | |
| Place of production, publication, distribution, manufacture | USA : |
| Name of producer, publisher, distributor, manufacturer | New Hope Publishing Company, Inc., |
| Date of production, publication, distribution, manufacture, or copyright notice | ©1992. |
| 300 ## - PHYSICAL DESCRIPTION | |
| Extent | 440 pages ; |
| Other physical details | illustrations ; |
| Dimensions | 24 cm. |
| 500 ## - GENERAL NOTE | |
| General note | This is a love story. It is the true story of a man and a woman who overcame great obstacles and personal tragedy to realize their hopes and dreams. Their love made a difference to millions of people all over the world. <br/><br/>This is the story of a family who never gave up on each other. No matter how hard it got, no matter how unfairly they were treated, they kept their family together through it all. <br/><br/>This is the story of Robert Schuller, a man who faced GOLIATH. |
| 942 ## - ADDED ENTRY ELEMENTS (KOHA) | |
| Source of classification or shelving scheme | Library of Congress Classification |
| Koha item type | Circulation Books |
| Withdrawn status | Lost status | Source of classification or shelving scheme | Damaged status | Not for loan | Home library | Current library | Shelving location | Date acquired | Source of acquisition | Total Checkouts | Full call number | Barcode | Date last seen | Price effective from | Koha item type |
|---|---|---|---|---|---|---|---|---|---|---|---|---|---|---|---|
| Library of Congress Classification | PBTS Library | PBTS Library | Circulation Section | 11/22/2023 | Gift | BX 9543.S36 Sch81 1992 | 47943 | 03/06/2026 | 11/22/2023 | Circulation Books |